000 00687nam a22002057a 4500
005 20240530110913.0
008 220209s1991 ua a b 000 0 ara d
017 _bمصر. دار الكتب
040 _aEG-CaGPL
_cEG-CaGPL
082 0 4 _221
_a810.91 /
_bم ن
100 0 _aمحمود احمد نحلة
245 1 0 _aنظام الجملة فى شعر المعلقات /
_cمحمود احمد نحلة
250 _aط.1
260 _aالاسكندرية :
_bدار المعرفة الجامعية،
_c1991
300 _a409 ص؛
_c24 سم
650 0 7 _2qrmak
_aشعر المعلقات
651 _2qrmak
942 _2ddc
_cBK
999 _c66353
_d66353